000 00470nam a2200193Ia 4500
003 0100
008 130227s9999 xx 000 0 und d
040 _cARRUPELIB
050 _aSPC BX5700.4.Z8P334 1973
100 _aGibbon, Geoffrey
245 _aPaget of Rhodesia
245 _ba memoir of Edward, 5th bishop of Mashonaland
260 _aBulawayo
260 _bBooks of Rhodesia
260 _C1973
300 _a172p.
300 _b 24cm.
942 _2lcc
_01
999 _c4435
_d4435